| Tag |
First Indicator |
Second Indicator |
Subfields |
| LEADER |
00000cam a2200000 4500 |
| 001 |
in00003824539 |
| 005 |
20190415190402.0 |
| 006 |
m o d |
| 007 |
cr |n||||||||n |
| 008 |
901210s1732 enk|||| o 00||||eng c |
| 035 |
|
|
|a (CU-RivES)T202568
|
| 035 |
|
|
|a (Uk-ES)006297100
|
| 035 |
|
|
|a (OCoLC)509732195
|
| 040 |
|
|
|a Uk-ES
|c Uk-ES
|d CU-RivES
|d CStRLIN
|d CU-RivES
|d Cengage Gale
|d UtOrBLW
|
| 050 |
|
4 |
|a PR3291.A1
|b P646 1732
|
| 245 |
0 |
0 |
|a Poems on the death of the Right Honourable Henrietta Hamilton, Countess of Orrery, who died at Cork in Ireland, August the twenty second, 1732 :
|b Inscrib'd to the Right Honourable John Boyle, Earl of Orrery.
|
| 264 |
|
1 |
|a [London?] :
|b [publisher not identified],
|c [1732]
|
| 300 |
|
|
|a 1 online resource (18 pages)
|
| 336 |
|
|
|a text
|b txt
|2 rdacontent
|
| 337 |
|
|
|a computer
|b c
|2 rdamedia
|
| 338 |
|
|
|a online resource
|b cr
|2 rdacarrier
|
| 509 |
|
|
|a Place of publication suggested by D
|
| 510 |
4 |
|
|a English Short Title Catalog,
|c T202568.
|
| 500 |
|
|
|a Reproduction of original from National Library of Ireland.
|
| 500 |
|
|
|a Electronic resource.
|
| 600 |
0 |
0 |
|a Mary
|b II,
|c Queen of England,
|d 1662-1694
|v Poetry.
|
| 655 |
|
7 |
|a Electronic books.
|2 local
|
| 710 |
2 |
|
|a Gale (Firm)
|0 http://id.loc.gov/authorities/names/no2008071348
|
| 752 |
|
|
|a Great Britain
|b England
|d London.
|
| 856 |
4 |
0 |
|u http://proxy.library.tamu.edu/login?url=http://find.galegroup.com/ecco/infomark.do?contentSet=ECCOArticles&docType=ECCOArticles&bookId=1530700100&type=getFullCitation&tabID=T001&prodId=ECCO&docLevel=TEXT_GRAPHICS&version=1.0&source=library&userGroupName=txshracd2898
|z Connect to the full text of this electronic book
|t 0
|
| 999 |
f |
f |
|s f21e4fda-3c62-36b3-ab95-c4eda17b541d
|i d6f6c0bb-c917-3928-b580-7ba6c89b39c4
|t 0
|
| 952 |
f |
f |
|a Texas A&M University
|b College Station
|c Electronic Resources
|d Available Online
|t 0
|e PR3291.A1 P646 1732
|h Library of Congress classification
|
| 998 |
f |
f |
|a PR3291.A1 P646 1732
|t 0
|l Available Online
|